| 000 | 00437nam a2200157 i 4500 | ||
|---|---|---|---|
| 001 | 81459 | ||
| 003 | ES-MaACL | ||
| 005 | 20230906174436.0 | ||
| 007 | t| | ||
| 008 | 041104s1908 fr ||||1| fre d | ||
| 100 | 1 |
_aHuret, Jules. _964764 |
|
| 245 | 1 | 0 |
_aEn Amerique _b: de San Francisco au Canada / _cJules Huret. |
| 260 |
_aParis : _b[s.n.], _c1908 ( _fMotteroz et Martinet) |
||
| 300 |
_a564 p. ; _c18 cm. |
||
| 852 |
_aES-MaACL _jD-2890 |
||
| 999 |
_c81459 _d81459 |
||